000 00391 a2200169 4500
001 169630
020 _a85-11-20307-9
040 _cMagnum
100 _aPrado, Lucilia Junqueira de Almeida
240 1 0 _aAntes que o sol apareça
_lpor
245 1 0 _aAntes que o sol apareça
300 _a125
362 0 _a1994
440 1 _aBrasiliense
697 _aLITERATURA JUVENIL
942 _cBK
999 _c169630
_d169630